000
00337 a2200157 4500
001
58099
020
_a
9788520920831
040
_c
Anchieta - Pituba
100
_a
Santiago, Silviano
240
1
0
_a
Quem é Capitu?
_l
por
245
1
0
_a
Quem é Capitu?
300
_a
172
362
0
_a
2008
650
4
_a
Ficção brasileira
942
_c
BK
999
_c
58099
_d
58099